The Catcher in the rye (Record no. 24314)

MARC details
000 -LEADER
fixed length control field 00464nam a22001817a 4500
003 - CONTROL NUMBER IDENTIFIER
control field OSt
005 - DATE AND TIME OF LATEST TRANSACTION
control field 20260213122258.0
008 - FIXED-LENGTH DATA ELEMENTS--GENERAL INFORMATION
fixed length control field 210607b ||||| |||| 00| 0 eng d
020 ## - INTERNATIONAL STANDARD BOOK NUMBER
International Standard Book Number 9780241950425
082 ## - DEWEY DECIMAL CLASSIFICATION NUMBER
Classification number 813.54
Item number SA3C
100 ## - MAIN ENTRY--PERSONAL NAME
Personal name Salinger, J D
245 ## - TITLE STATEMENT
Title The Catcher in the rye
Statement of responsibility, etc by J.D. Salinger
260 ## - PUBLICATION, DISTRIBUTION, ETC. (IMPRINT)
Place of publication, distribution, etc Gurgaon (Haryana)
Name of publisher, distributor, etc Penguin Books India
Date of publication, distribution, etc 2010.
300 ## - PHYSICAL DESCRIPTION
Extent 229p.
546 ## - LANGUAGE NOTE
Language note English
650 ## - SUBJECT ADDED ENTRY--TOPICAL TERM
Topical term or geographic name as entry element American fiction
942 ## - ADDED ENTRY ELEMENTS (KOHA)
Source of classification or shelving scheme Dewey Decimal Classification
Koha item type Books
Holdings
Withdrawn status Lost status Source of classification or shelving scheme Damaged status Not for loan Collection code Home library Current library Department Date acquired Source of acquisition Cost, normal purchase price Inventory number(Invoice/Date) Total Checkouts Full call number Barcode Date last seen Date checked out Price effective from Koha item type
    Dewey Decimal Classification     General Text Book Central University Of Rajasthan Central University Of Rajasthan English 07/06/2021 Researchco books 399.00 RBPPL80703/20-21/11-02-2021 8 813.54 SA3C 36208 16/04/2024 27/03/2024 07/06/2021 Books
    Dewey Decimal Classification     General Text Book Central University Of Rajasthan Central University Of Rajasthan English 07/06/2021 Researchco books 399.00 RBPPL80703/20-21/11-02-2021 15 813.54 SA3C 36209 13/02/2026 29/01/2026 07/06/2021 Books